000 00307nam a2200121Ia 4500
008 220120s9999||||xx |||||||||||||| ||und||
082 _a823 MUR
100 _aMurray, Kirsty
_911957
245 0 _aTough stuff
260 _aAllen and Unwin
_bNew Delhi
_c1999
300 _a207p.;28cm
_b0
650 _aELECTRONICS
999 _c137503
_d137503